Sports Quiz

Random Sports or NHL Quiz
Score 0/42 Timer 20:00
0 Plays Today
Hint Answer % Correct
Tampa Bay Lightning (2020)Zach Bogosian
100%
Carolina Hurricanes (2006) *Eric Staal
100%
St Louis Blues (2019)Ryan O'Reilly
95%
Detroit Red Wings (2008, 2002)Dominik Hasek
76.3%
Tampa Bay Lightning (2004)Dave Andreychuk
73.7%
Chicago Blackhawks (2010)Brian Campbell
60.5%
Pittsburgh Penguins (2017, 2016) Conor Sheary
56.3%
Boston Bruins (2011)Daniel Paille
52.6%
Colorado Avalanche (2001)Chris Drury
51.3%
New Jersey Devils (2000)Alexander Mogilny
48.7%
Pittsburgh Penguins (2009)Miroslav Satan
47.4%
Pittsburgh Penguins (1992, 1991)Tom Barrasso
47.4%
Anaheim Ducks (2007)Brad May
46.1%
Los Angeles Kings (2014)Robyn Regehr
42.1%
Chicago Blackhawks (2013) *Michael Frolik
40%
Detroit Red Wings (2002) Colorado Avalanche (1996)Uwe Krupp
34.2%
Pittsburgh Penguins (2017)Chad Ruhwedel
31.3%
Colorado Avalanche (1996)Uwe Krupp
31.1%
Dallas Stars (1999)Derek Plante
30.3%
Anaheim Ducks (2007)Rob Niedermayer
28.9%
New Jersey Devils (2003)Richard Smehlik
28.9%
Hint Answer % Correct
Detroit Red Wings (1998, 1997)Slava Kozlov
28.9%
Edmonton Oilers (1990, 1988, 1987, 1985, 1984)Charlie Huddy
27.6%
Edmonton Oilers (1990, 1988)Craig Simpson
25%
Tampa Bay Lightning (2004)Cory Sarich
23.7%
Colorado Avalanche (1996) Edmonton Oilers (1988)Dave Hannan
22.4%
New Jersey Devils (2003)Brian Gionta
17.6%
Dallas Stars (1999)Benoit Hogue
15.8%
Pittsburgh Penguins (1992, 1991)Bob Errey
15.8%
Pittsburgh Penguins (2009)Phillipe Boucher
14.5%
New York Rangers (1994)Mike Hartman
12.3%
Montreal Canadiens (1993)Kevin Haller
11.8%
Pittsburgh Penguins (2016)Kevin Porter
10.8%
Tampa Bay Lightning (2004)Nolan Pratt
10.5%
Edmonton Oilers (1990, 1988, 1987)Craig Muni
10.5%
New Jersey Devils (2000)Ken Sutton
9.2%
Pittsburgh Penguins (1991)Randy Hillier
9.2%
Pittsburgh Penguins (1992)Ken Priestlay
8.7%
New York Rangers (1994)Jay Wells
6.6%
Montreal Canadiens (1993)Ed Ronan
6.6%
Pittsburgh Penguins (1992, 1991)Grant Jennings
3.9%
Edmonton Oilers (1990)Anatoli Semenov
3.9%
Remove Ads.
Support Sporcle.
Get the best of Sporcle when you Go Orange. This ad-free experience offers more features, more stats, and more fun while also helping to support Sporcle. Thank you for becoming a member.

You're not logged in!

Compare scores with friends on all Sporcle quizzes.
OR
Log In

Show Comments

Extras

Created Aug 4, 2016ReportNominate
Tags:NHL Quiz, Buffalo Sabres

Top Quizzes Today


Score Distribution

Your Account Isn't Verified!

In order to create a playlist on Sporcle, you need to verify the email address you used during registration. Go to your Sporcle Settings to finish the process.

Report this User

Report this user for behavior that violates our Community Guidelines.

Details: